000 00785cam a22002411 4500
001 sa 65002836
003 DLC
005 20260227112119.0
008 890204s1963 ii ab b 000 0 eng
010 _asa 65002836
025 _aPL480:P-E-527
035 _a(OCoLC)19102787
040 _aDLC
_cWaU
_dDLC
042 _apremarc
050 0 0 _aHC412
_b.I2
100 1 _aIbrahim, Abdur Rashid,
_d1918-
245 1 0 _aRandom jottings;
_bspeeches and articles written during the stay at Bangkok, August 1959 to July 1961,
_cby A. Rashid Ibrahim.
250 _a[1st ed.]
260 _aKarachi,
_bMaʼaref
_c[1963]
300 _avii, 186 p.
_billus., fold. map.
_c25 cm.
504 _aBibliographical footnotes.
610 2 0 _aUnited Nations.
_bEconomic Commission for Asia and the Far East.
999 _c62844
_d62844